Εργατική νομοθεσία
Saved in:
| Main Author: | |
|---|---|
| Format: | Book |
| Language: | Greek |
| Published: |
Αθήνα :
Νομική Βιβλιοθήκη,
2005
|
| Edition: | 2η έκδ. |
| Subjects: | |
| Tags: |
Add Tag
No Tags, Be the first to tag this record!
|
MARC
| LEADER | 00000cam a2200000 i 4500 | ||
|---|---|---|---|
| 001 | 1/75481 | ||
| 008 | 050415s2005 gre d | ||
| 020 | |a 960-272-066-2 | ||
| 035 | |l 10077715 | ||
| 040 | |a GR-MY-UA |b gre |e aacr | ||
| 041 | 0 | |a gre | |
| 082 | 0 | |a 344.01 |2 (21) | |
| 100 | 1 | |a Ληξουριώτης, Γιάννης Δ. | |
| 245 | 1 | 0 | |a Εργατική νομοθεσία / |c Ιωάννης Ληξουριώτης |
| 250 | |a 2η έκδ. | ||
| 260 | |a Αθήνα : |b Νομική Βιβλιοθήκη, |c 2005 | ||
| 300 | |a xlviii, 1390 σ.; |c 22 εκ. | ||
| 504 | |a Περιλαμβάνει ευρετήριο | ||
| 650 | 0 | 0 | |a Labor laws and legislation |z Greece. |
| 852 | |a INST |b CHIOS |e 20050415 |h 344.01 ΛΗΞ |p 005200024977 |q 005200024977 |t BK |y 0 | ||
| 852 | |a INST |b CHIOS |e 20050415 |h 344.01 ΛΗΞ |p 005200024978 |q 005200024978 |t BK |y 0 | ||
| 901 | |a BIBL2-2005-1 | ||
| 909 | |a Χ |b 119374 | ||
| 909 | |a Χ |b 119375 | ||
| 970 | |a ΧΑΖΙΡΗ |b ΑΝΝΑ |z 2005/04/15 | ||